[Event "Bayern Jubilar U12"]
[Site "Bayreuth"]
[Date "2022.08.31"]
[Round "7"]
[White "Kullmann, Max"]
[Black "Bako, Isabella"]
[Result "1-0"]
[WhiteElo "1476"]
[BlackElo "1251"]
[PlyCount "75"]
[EventDate "2022.08.27"]
[EventType "swiss"]
[EventRounds "7"]
[EventCountry "GER"]
[SourceTitle "EXT 2023"]
[Source "ChessBase"]
[SourceDate "2022.10.05"]
[SourceVersion "1"]
[SourceVersionDate "2022.10.05"]
[SourceQuality "1"]

1. d4 d5 2. c4 e6 3. Nc3 Be7 4. Nf3 Nf6 5. Bg5 b6 6. cxd5 exd5 7. e3 0-0 8. Bd3 Bb7 9. Qc2 h6 10. Bh4 c5 11. 0-0 Nc6 12. a3 Na5 13. Qe2 Nb3 14. Rab1 c4 15. Bc2 a5 16. Bxb3 cxb3 17. a4 Ba6 18. Nb5 Ne4 19. Bg3 Nd6 20. Rfc1 Qd7 21. Bxd6 Bxd6 22. Nd2 Rfc8 23. Nxb3 Rc6 24. Rxc6 Qxc6 25. Rc1 Qd7 26. h3 Rc8 27. Rxc8+ Qxc8 28. Nxd6 Qd7 29. Qxa6 Qxd6 30. Qb5 Kh8 31. Nd2 Kh7 32. Nf1 Qc7 33. g3 Kh8 34. h4 h5 35. Nh2 f6 36. f4 g5 37. hxg5 fxg5 38. fxg5 1-0

[Event "GER-ch U12"]
[Site "Willingen"]
[Date "2022.06.05"]
[Round "1"]
[White "Kullmann, Max"]
[Black "Gloeckler, Christian"]
[Result "0-1"]
[WhiteElo "1442"]
[BlackElo "1847"]
[PlyCount "75"]
[EventDate "2022.06.04"]
[EventType "swiss"]
[EventRounds "9"]
[EventCountry "GER"]
[SourceTitle "CBM 208 Extra"]
[Source "ChessBase"]
[SourceDate "2022.07.31"]
[SourceVersion "1"]
[SourceVersionDate "2022.07.31"]
[SourceQuality "1"]

1. d4 Nf6 2. c4 g6 3. Nc3 Bg7 4. e4 d6 5. Nge2 0-0 6. g3 e5 7. d5 Ne8 8. Bg2 f5 9. 0-0 a5 10. a3 Na6 11. Be3 b6 12. Qc2 Bd7 13. Rab1 Nf6 14. b4 axb4 15. axb4 Ng4 16. Nb5 f4 17. gxf4 exf4 18. Bxf4 Rxf4 19. Nxf4 Be5 20. Nh3 Nxh2 21. f4 Nxf1 22. fxe5 Ne3 23. Qe2 Nxg2 24. e6 Nh4 25. exd7 Qxd7 26. Ng5 Re8 27. Ne6 g5 28. Qh5 c5 29. Rf1 Ng6 30. Nxg5 Re5 31. Qxh7+ Qxh7 32. Nxh7 Kxh7 33. bxc5 Nxc5 34. Nxd6 Nxe4 35. Nf7 Re7 36. Nd8 Nd2 37. Rc1 Nf4 38. Rc2 0-1

[Event "GER-ch U12"]
[Site "Willingen"]
[Date "2021.08.29"]
[Round "9"]
[White "Shkundin, Maximilian"]
[Black "Kullmann, Max"]
[Result "0-1"]
[WhiteElo "1263"]
[BlackElo "1411"]
[PlyCount "70"]
[EventDate "2021.08.22"]
[EventType "swiss"]
[EventRounds "9"]
[EventCountry "GER"]
[SourceTitle "EXT 2022"]
[Source "ChessBase"]
[SourceDate "2021.10.06"]
[SourceVersion "1"]
[SourceVersionDate "2021.10.06"]
[SourceQuality "1"]

1. e4 d5 2. exd5 Qxd5 3. Nf3 Nf6 4. d4 c6 5. Be2 Bf5 6. 0-0 e6 7. c4 Qa5 8. Nc3 Nbd7 9. Bf4 Qb4 10. Qd2 Bd6 11. Be3 Qa5 12. c5 Be7 13. a3 Qc7 14. b4 Ne4 15. Nxe4 Bxe4 16. a4 Nf6 17. b5 Ng4 18. Bf4 Qd7 19. h3 Nf6 20. Ne5 Qc8 21. f3 Bd5 22. Rfb1 Nh5 23. Bh2 Bh4 24. Rb2 Ng3 25. Rab1 0-0 26. bxc6 Bxc6 27. Nxc6 bxc6 28. Bc4 Qd8 29. Rb7 Qf6 30. Rd7 Rfd8 31. Rbb7 Rxd7 32. Rxd7 Rd8 33. Rxa7 Nf5 34. Be5 Qxe5 35. Ra8 Qxd4+ 0-1

[Event "GER-ch U12"]
[Site "Willingen"]
[Date "2021.08.25"]
[Round "4"]
[White "Kullmann, Max"]
[Black "Muendoerfer, Sebastian"]
[Result "0-1"]
[WhiteElo "1411"]
[BlackElo "1176"]
[PlyCount "96"]
[EventDate "2021.08.22"]
[EventType "swiss"]
[EventRounds "9"]
[EventCountry "GER"]
[SourceTitle "EXT 2022"]
[Source "ChessBase"]
[SourceDate "2021.10.06"]
[SourceVersion "1"]
[SourceVersionDate "2021.10.06"]
[SourceQuality "1"]

1. d4 Nf6 2. c4 e6 3. Nc3 Bb4 4. e3 0-0 5. Nge2 b6 6. a3 Be7 7. Nf4 Bb7 8. Be2 d6 9. Bf3 c6 10. 0-0 d5 11. cxd5 cxd5 12. Bd2 Nc6 13. Rc1 Na5 14. Na4 Nc4 15. Qe1 Qd7 16. Bb4 Bxb4 17. Qxb4 a5 18. Qb3 Bc6 19. Nxb6 Qb7 20. Rxc4 dxc4 21. Bxc6 cxb3 22. Bxb7 Rab8 23. Bf3 Rxb6 24. Rc1 Rbb8 25. Rc3 Rfc8 26. Ne2 Nd5 27. Bxd5 exd5 28. Kf1 Rxc3 29. Nxc3 Rc8 30. Na4 Rc2 31. g4 Kf8 32. h4 Ke7 33. Kg2 Kd6 34. Kg3 Kc6 35. f3 Kb5 36. Nc5 Rxb2 37. Nxb3 Rxb3 38. Kf4 Rxa3 39. Kf5 Rxe3 40. f4 a4 41. g5 a3 42. h5 a2 43. h6 g6+ 44. Kf6 a1Q 45. Kg7 Qxd4+ 46. Kxf7 Qxf4+ 47. Kg8 Re7 48. Kh8 Qf8# 0-1

[Event "GER Pfingstopen U12"]
[Site "Playchess.com INT"]
[Date "2020.06.02"]
[Round "5"]
[White "Skembris, Simon Max"]
[Black "Kullmann, Max"]
[Result "1/2-1/2"]
[WhiteElo "1620"]
[BlackElo "1538"]
[PlyCount "161"]
[EventDate "2020.06.02"]
[EventType "swiss (blitz)"]
[EventRounds "11"]
[EventCountry "GER"]
[SourceTitle "CBM 197 Extra"]
[Source "ChessBase"]
[SourceDate "2020.09.30"]
[SourceVersion "1"]
[SourceVersionDate "2020.09.30"]
[SourceQuality "1"]

1. e4 d5 2. exd5 Qxd5 3. Nc3 Qa5 4. d4 c6 5. Nf3 Nf6 6. Bd2 Qc7 7. Bc4 Bf5 8. Ne5 e6 9. 0-0 Nbd7 10. Nxd7 Qxd7 11. Re1 Be7 12. Bg5 h6 13. Be3 0-0 14. h3 Rfd8 15. Qf3 Bxc2 16. Rac1 Bg6 17. Rcd1 Bh5 18. g4 Bg6 19. Rd2 Bd6 20. Bxh6 gxh6 21. Qxf6 Be7 22. Qf3 Bg5 23. Rdd1 Bc2 24. Ra1 Qxd4 25. Qe2 Bd3 26. Bxd3 Qxd3 27. Qxd3 Rxd3 28. Kg2 Rd2 29. b3 Bf6 30. Ne4 Bxa1 31. Nxd2 Bc3 32. Re2 Rd8 33. Ne4 Bg7 34. Nc5 b6 35. Ne4 Rd4 36. Kf3 Kf8 37. h4 e5 38. Rd2 Rxd2 39. Nxd2 Ke7 40. Ke4 Ke6 41. Nf3 f6 42. Nd2 b5 43. Nf1 Bf8 44. Ne3 Bc5 45. Nf5 Bxf2 46. Nxh6 Bxh4 47. Nf5 Bg5 48. Ng7+ Kf7 49. Nf5 Bf4 50. Nd6+ Ke6 51. Nf5 Bg5 52. Ng7+ Kf7 53. Nf5 Kg6 54. Ne7+ Kh6 55. Nxc6 a6 56. Ne7 Bf4 57. Kf5 Bg5 58. Ng8+ Kg7 59. Ne7 Kf7 60. Nd5 a5 61. a4 bxa4 62. bxa4 Bh4 63. Nb6 Be1 64. Nc4 Bb4 65. Ne3 Bd2 66. Nd5 Bb4 67. Nxf6 Be7 68. g5 Bxf6 69. gxf6 e4 70. Kxe4 Kxf6 71. Kd5 Ke7 72. Kc5 Kd7 73. Kb5 Kc7 74. Kxa5 Kb7 75. Kb5 Kb8 76. a5 Kb7 77. a6+ Ka7 78. Ka5 Ka8 79. Kb6 Kb8 80. a7+ Ka8 81. Ka6 1/2-1/2

[Event "GER Pfingstopen U12"]
[Site "Playchess.com INT"]
[Date "2020.06.02"]
[Round "3"]
[White "Udelnov, Valentin"]
[Black "Kullmann, Max"]
[Result "0-1"]
[WhiteElo "1519"]
[BlackElo "1494"]
[PlyCount "50"]
[EventDate "2020.06.02"]
[EventType "swiss (blitz)"]
[EventRounds "11"]
[EventCountry "GER"]
[SourceTitle "CBM 197 Extra"]
[Source "ChessBase"]
[SourceDate "2020.09.30"]
[SourceVersion "1"]
[SourceVersionDate "2020.09.30"]
[SourceQuality "1"]

1. e4 d5 2. exd5 Qxd5 3. Nc3 Qa5 4. Nf3 c6 5. d4 Bf5 6. Bf4 Nf6 7. Bc4 e6 8. Qd2 Bb4 9. a3 Ne4 10. Qc1 Bxc3+ 11. bxc3 Qxc3+ 12. Bd2 Qxc4 13. c3 Nd7 14. Rb1 Nxd2 15. Nxd2 Qa6 16. Rb3 Nb6 17. c4 0-0 18. 0-0 Nd7 19. Rg3 Nf6 20. Nf3 Ne4 21. Ne5 Nxg3 22. fxg3 Qb6 23. Qe3 f6 24. Nf3 Qc7 25. Nh4 Rae8 0-1

[Event "GER Pfingstopen U12"]
[Site "Playchess.com INT"]
[Date "2020.06.02"]
[Round "8"]
[White "Wilmink, Anna"]
[Black "Kullmann, Max"]
[Result "1-0"]
[WhiteElo "1559"]
[BlackElo "1554"]
[PlyCount "69"]
[EventDate "2020.06.02"]
[EventType "swiss (blitz)"]
[EventRounds "11"]
[EventCountry "GER"]
[SourceTitle "CBM 197 Extra"]
[Source "ChessBase"]
[SourceDate "2020.09.30"]
[SourceVersion "1"]
[SourceVersionDate "2020.09.30"]
[SourceQuality "1"]

1. e4 d5 2. exd5 Qxd5 3. Nc3 Qa5 4. d4 c6 5. Nf3 Nf6 6. Ne5 e6 7. Nc4 Qc7 8. g3 Bb4 9. Bf4 Bxc3+ 10. bxc3 Qd7 11. Rb1 0-0 12. Bg2 Nd5 13. Bd6 Nxc3 14. Qc1 Nxb1 15. Bxf8 Qxd4 16. Qxb1 Qxc4 17. Bd6 Qc3+ 18. Ke2 Qc4+ 19. Ke1 Qc3+ 20. Ke2 Qd4 21. Rd1 Qc4+ 22. Ke1 Qc3+ 23. Kf1 Na6 24. Be5 Qc4+ 25. Kg1 h6 26. c3 f5 27. Rd8+ Kf7 28. Qd1 Qc5 29. Qh5+ g6 30. Qe2 b6 31. Bd4 Qa5 32. Bxc6 Qxa2 33. Qxa2 Nc5 34. Bxc5 bxc5 35. Bxa8 1-0

[Event "GER-ch U18 sf Berlin Online"]
[Site "Playchess.com INT"]
[Date "2020.05.01"]
[Round "13"]
[White "Kullmann, Max"]
[Black "Ruddat, Jarne"]
[Result "0-1"]
[WhiteElo "1469"]
[BlackElo "1617"]
[PlyCount "66"]
[EventDate "2020.05.01"]
[EventType "swiss (blitz)"]
[EventRounds "13"]
[EventCountry "GER"]
[SourceTitle "CBM 195 Extra"]
[Source "ChessBase"]
[SourceDate "2020.05.31"]
[SourceVersion "1"]
[SourceVersionDate "2020.05.31"]
[SourceQuality "1"]

1. d4 d5 2. c4 dxc4 3. e4 a6 4. Bxc4 b5 5. Bb3 Bb7 6. Nc3 Nf6 7. Qd3 e6 8. Nf3 Bb4 9. Bd2 Bxc3 10. Qxc3 Nxe4 11. Qe3 0-0 12. 0-0 Nd7 13. Rac1 Ndf6 14. Bc2 Qd6 15. Bxe4 Bxe4 16. h3 Bxf3 17. Qxf3 Qxd4 18. Be3 Qxb2 19. Rxc7 Qxa2 20. Rfc1 Nd5 21. R7c5 b4 22. R5c2 Qa3 23. Bc5 Qxf3 24. gxf3 Rfc8 25. Bd4 Rxc2 26. Rxc2 b3 27. Rb2 Rb8 28. Kf1 a5 29. Ke2 a4 30. Bc5 Nc3+ 31. Kd3 Nd1 32. Be3 Nxb2+ 33. Kc3 Nd1+ 0-1

[Event "GER-ch U18 sf Berlin Online"]
[Site "Playchess.com INT"]
[Date "2020.05.01"]
[Round "1"]
[White "Sereda, Yaroslava"]
[Black "Kullmann, Max"]
[Result "1-0"]
[WhiteElo "1620"]
[BlackElo "1469"]
[PlyCount "47"]
[EventDate "2020.05.01"]
[EventType "swiss (blitz)"]
[EventRounds "13"]
[EventCountry "GER"]
[SourceTitle "CBM 195 Extra"]
[Source "ChessBase"]
[SourceDate "2020.05.31"]
[SourceVersion "1"]
[SourceVersionDate "2020.05.31"]
[SourceQuality "1"]

1. e4 d5 2. exd5 Qxd5 3. Nc3 Qa5 4. d4 c6 5. Nf3 Nf6 6. Ne5 Bf5 7. g4 Bd7 8. Bf4 e6 9. a3 Nd5 10. Nc4 Qd8 11. Nxd5 cxd5 12. Nd6+ Bxd6 13. Bxd6 Qb6 14. Bc5 Qxb2 15. Rb1 Qc3+ 16. Qd2 Qxd2+ 17. Kxd2 b6 18. Bd6 Nc6 19. c3 Rd8 20. Bb5 Rc8 21. Rbc1 a6 22. Bxa6 Ra8 23. Bb5 Rxa3 24. Bxa3 1-0

[Event "GER-ch Net Amateur Gr-C Final"]
[Site "Playchess.com INT"]
[Date "2020.04.18"]
[Round "5"]
[White "Kullmann, Max"]
[Black "Reich, Elisabeth"]
[Result "1/2-1/2"]
[WhiteElo "1549"]
[BlackElo "1595"]
[PlyCount "97"]
[EventDate "2020.04.18"]
[EventType "swiss (blitz)"]
[EventRounds "13"]
[EventCountry "GER"]
[SourceTitle "CBM 195 Extra"]
[Source "ChessBase"]
[SourceDate "2020.05.31"]
[SourceVersion "1"]
[SourceVersionDate "2020.05.31"]
[SourceQuality "1"]

1. d4 Nf6 2. c4 g6 3. Nc3 Bg7 4. Bf4 0-0 5. Nf3 d6 6. e3 Nbd7 7. Be2 Re8 8. 0-0 e5 9. dxe5 Nxe5 10. Nxe5 dxe5 11. Qxd8 Rxd8 12. Bxe5 c6 13. Rad1 Be6 14. Bxf6 Bxf6 15. Rxd8+ Rxd8 16. Rd1 Rxd1+ 17. Nxd1 b5 18. cxb5 cxb5 19. Bxb5 Bxa2 20. Kf1 Bb3 21. Ke1 Bxd1 22. Kxd1 Bxb2 23. Kc2 Be5 24. h3 a5 25. Kb3 Kf8 26. Ka4 Bc3 27. f3 Bd2 28. e4 Bb4 29. Kb3 f5 30. exf5 gxf5 31. g4 fxg4 32. hxg4 h6 33. Kc4 Kg7 34. Kd4 Kg6 35. Ke4 h5 36. Kf4 hxg4 37. fxg4 Bd6+ 38. Kf3 Kg5 39. Bd7 Bc7 40. Be8 Bd6 41. Bd7 Bc7 42. Ke4 Bd6 43. Kd5 Bb4 44. Kc4 Be1 45. Kb5 Bb4 46. Bf5 Bc3 47. Ka4 Bb4 48. Kb5 Bc3 49. Ka4 1/2-1/2

[Event "GER-ch Net Amateur Gr-C Final"]
[Site "Playchess.com INT"]
[Date "2020.04.18"]
[Round "2"]
[White "Kullmann, Max"]
[Black "Schroeder, Jan Hendrik"]
[Result "0-1"]
[WhiteElo "1549"]
[BlackElo "1460"]
[PlyCount "98"]
[EventDate "2020.04.18"]
[EventType "swiss (blitz)"]
[EventRounds "13"]
[EventCountry "GER"]
[SourceTitle "CBM 195 Extra"]
[Source "ChessBase"]
[SourceDate "2020.05.31"]
[SourceVersion "1"]
[SourceVersionDate "2020.05.31"]
[SourceQuality "1"]

1. d4 g6 2. c4 Bg7 3. e3 Nf6 4. Nc3 0-0 5. Nf3 d6 6. Be2 Bg4 7. 0-0 Nbd7 8. h3 Bxf3 9. Bxf3 Rb8 10. Bd2 c5 11. d5 a6 12. Qc2 b5 13. b3 b4 14. Na4 Nb6 15. Nxb6 Qxb6 16. Rac1 e6 17. dxe6 fxe6 18. Rfd1 d5 19. cxd5 exd5 20. Be1 Rfd8 21. Bxd5+ Nxd5 22. Rxd5 Rxd5 23. Qc4 Rbd8 24. e4 Bh6 25. Rc2 Qe6 26. exd5 Qxe1+ 27. Qf1 Qxf1+ 28. Kxf1 Rxd5 29. Re2 Rd1+ 30. Re1 Rxe1+ 31. Kxe1 a5 32. Ke2 Kf7 33. Kd3 Ke6 34. Kc4 Kf5 35. Kxc5 Bf8+ 36. Kb5 Ke4 37. Kxa5 Kd3 38. Ka4 Ke2 39. Kb5 Kxf2 40. Kc4 Kxg2 41. Kd3 Kxh3 42. Ke3 Kg3 43. Ke2 h5 44. Kf1 h4 45. Kg1 h3 46. Kh1 g5 47. a4 bxa3 48. b4 a2 49. Kg1 a1Q# 0-1

[Event "GER-ch Net Amateur Gr-C Final"]
[Site "Playchess.com INT"]
[Date "2020.04.18"]
[Round "3"]
[White "Segermann, Nils"]
[Black "Kullmann, Max"]
[Result "1-0"]
[WhiteElo "1792"]
[BlackElo "1549"]
[PlyCount "167"]
[EventDate "2020.04.18"]
[EventType "swiss (blitz)"]
[EventRounds "13"]
[EventCountry "GER"]
[SourceTitle "CBM 195 Extra"]
[Source "ChessBase"]
[SourceDate "2020.05.31"]
[SourceVersion "1"]
[SourceVersionDate "2020.05.31"]
[SourceQuality "1"]

1. e4 d5 2. exd5 Qxd5 3. Qf3 Qxf3 4. Nxf3 Nf6 5. Bc4 Bf5 6. d3 Nc6 7. Bb5 Bd7 8. Nc3 a6 9. Bc4 e6 10. Bf4 Bd6 11. Bg5 Be7 12. a3 h6 13. Bf4 0-0-0 14. Ne5 Nxe5 15. Bxe5 Bd6 16. Bxf6 gxf6 17. Ne4 f5 18. Nxd6+ cxd6 19. 0-0-0 d5 20. Bb3 a5 21. Rde1 a4 22. Ba2 Kb8 23. g3 Rc8 24. d4 Rc7 25. c3 Rhc8 26. Kd2 Bb5 27. Bb1 Bc4 28. Bc2 Bb3 29. Bd3 Bc4 30. f3 Bxd3 31. Kxd3 h5 32. h3 Rc6 33. g4 hxg4 34. fxg4 fxg4 35. hxg4 Rb6 36. Re2 Ka7 37. Rh7 Rf8 38. g5 Rc6 39. Rf2 Rb6 40. g6 f6 41. g7 Rg8 42. Rg2 Rc6 43. Rh8 Rcc8 44. Rxg8 Rxg8 45. c4 b6 46. cxd5 exd5 47. Kc3 Ka6 48. Kd3 Kb5 49. Kc3 Kc6 50. Rg6 Kb5 51. Kd3 Ka5 52. Ke3 Kb5 53. Kf4 Kc6 54. Rxf6+ Kd7 55. Rg6 Ke7 56. Ke5 Kf7 57. Rg2 Ke7 58. Kxd5 Kd7 59. Kc4 Kc7 60. Kb5 Kb7 61. Kxa4 Ka6 62. Kb4 b5 63. Rg6+ Kb7 64. Kxb5 Kc7 65. a4 Kb7 66. b4 Ka7 67. a5 Kb7 68. Kc5 Kc7 69. b5 Kb7 70. d5 Kc7 71. a6 Kb8 72. Kd6 Ka7 73. Ke7 Rxg7+ 74. Rxg7 Kb8 75. d6 Ka7 76. d7 Kb6 77. d8Q+ Kxb5 78. a7 Kb4 79. a8Q Kb3 80. Qb6+ Kc3 81. Qac6+ Kd3 82. Rg3+ Ke2 83. Qc2+ Kf1 84. Qg1# 1-0

[Event "GER-ch Net Amateur Gr-C Final"]
[Site "Playchess.com INT"]
[Date "2020.04.18"]
[Round "13"]
[White "Weckerle, Anatol"]
[Black "Kullmann, Max"]
[Result "1/2-1/2"]
[WhiteElo "1370"]
[BlackElo "1549"]
[PlyCount "109"]
[EventDate "2020.04.18"]
[EventType "swiss (blitz)"]
[EventRounds "13"]
[EventCountry "GER"]
[SourceTitle "CBM 195 Extra"]
[Source "ChessBase"]
[SourceDate "2020.05.31"]
[SourceVersion "1"]
[SourceVersionDate "2020.05.31"]
[SourceQuality "1"]

1. c4 e5 2. Nc3 Nc6 3. g3 Nf6 4. Bg2 Bc5 5. e3 d6 6. Nge2 Bd7 7. 0-0 0-0 8. a3 a6 9. b4 Bb6 10. Rb1 h6 11. d4 exd4 12. Nxd4 Nxd4 13. exd4 Bf5 14. Rb2 c6 15. c5 dxc5 16. dxc5 Bc7 17. Qxd8 Raxd8 18. Rd1 Rxd1+ 19. Nxd1 Be5 20. Re2 Rd8 21. Ne3 Bh7 22. h3 Rd7 23. Kh2 Bg6 24. Nc4 Bc7 25. Bb2 Bd3 26. Rd2 Bxc4 27. Rxd7 Nxd7 28. f4 Nf6 29. Bf3 Nd5 30. Bd4 Kf8 31. Kg2 Ke7 32. f5 f6 33. g4 Be5 34. Bxe5 fxe5 35. Kf2 Kf6 36. Be4 Kg5 37. Kg3 Nf4 38. h4+ Kf6 39. Kf3 Be2+ 40. Kg3 Ke7 41. g5 hxg5 42. hxg5 Kf7 43. Kh4 Bc4 44. Kg3 Bb3 45. Kf3 Ba2 46. Kg4 Bc4 47. Kf3 Ba2 48. Kg4 Bb3 49. Kf3 Bc4 50. Kg4 Ba2 51. Kf3 Bb3 52. Kg4 Ba2 53. Kf3 Bc4 54. Kg4 Bb3 55. Kf3 1/2-1/2

[Event "GER-ch Net Amateur Gr-C Vor2"]
[Site "Playchess.com INT"]
[Date "2020.04.15"]
[Round "7"]
[White "Borgert, Alexander"]
[Black "Kullmann, Max"]
[Result "1-0"]
[WhiteElo "1620"]
[BlackElo "1566"]
[PlyCount "107"]
[EventDate "2020.04.15"]
[EventType "swiss (blitz)"]
[EventRounds "9"]
[EventCountry "GER"]
[SourceTitle "CBM 196 Extra"]
[Source "ChessBase"]
[SourceDate "2020.07.31"]
[SourceVersion "1"]
[SourceVersionDate "2020.07.31"]
[SourceQuality "1"]

1. d4 d5 2. c4 e6 3. Nc3 Nf6 4. Bg5 Be7 5. Nf3 Nc6 6. cxd5 Nxd5 7. Bxe7 Qxe7 8. e3 Nxc3 9. bxc3 Bd7 10. Rb1 Rb8 11. Ba6 b6 12. Bd3 Qf6 13. Bb5 0-0 14. Qa4 Qf5 15. 0-0 Qd5 16. c4 Qd6 17. Nd2 Rfd8 18. Ne4 Qe7 19. Bxc6 Bxc6 20. Qxc6 Qd7 21. Qxd7 Rxd7 22. c5 Rdd8 23. cxb6 Rxb6 24. Rxb6 axb6 25. Rc1 Rd7 26. Kf1 f5 27. Ng5 Re7 28. Ke2 h6 29. Nf3 Kf8 30. Ne5 Ke8 31. Rb1 Rd7 32. Nxd7 Kxd7 33. Kd3 Kc6 34. e4 fxe4+ 35. Kxe4 Kd6 36. f4 g6 37. g4 g5 38. fxg5 hxg5 39. Rh1 Ke7 40. h4 gxh4 41. Rxh4 Kf6 42. Rh7 c5 43. dxc5 bxc5 44. Rc7 Kg5 45. Rxc5+ Kxg4 46. a4 e5 47. a5 Kg3 48. a6 Kf2 49. a7 Kg3 50. a8Q Kf2 51. Qa2+ Kg3 52. Rc3+ Kg4 53. Qg2+ Kh5 54. Rh3# 1-0

[Event "GER-ch Net Amateur Gr-C Vor2"]
[Site "Playchess.com INT"]
[Date "2020.04.15"]
[Round "2"]
[White "Kullmann, Max"]
[Black "Dohm Acker, Erwin"]
[Result "1-0"]
[WhiteElo "1566"]
[BlackElo "1260"]
[PlyCount "95"]
[EventDate "2020.04.15"]
[EventType "swiss (blitz)"]
[EventRounds "9"]
[EventCountry "GER"]
[SourceTitle "CBM 196 Extra"]
[Source "ChessBase"]
[SourceDate "2020.07.31"]
[SourceVersion "1"]
[SourceVersionDate "2020.07.31"]
[SourceQuality "1"]

1. d4 e6 2. c4 Nf6 3. Bf4 Bd6 4. Bxd6 cxd6 5. Nc3 b6 6. Nf3 d5 7. e3 dxc4 8. Bxc4 d5 9. Bb5+ Bd7 10. Bxd7+ Qxd7 11. Ne5 Qc8 12. 0-0 a6 13. Rc1 Qb7 14. Qb3 0-0 15. Rfd1 Nc6 16. Nxc6 Qxc6 17. Ne4 Qd7 18. Nxf6+ gxf6 19. Qd3 Kh8 20. Rc2 f5 21. Rdc1 Rfc8 22. Rxc8+ Rxc8 23. Rxc8+ Qxc8 24. Qc3 Qd7 25. h3 Kg7 26. Qb3 Qc6 27. Qc3 Qd7 28. Kh2 Qd6+ 29. g3 a5 30. a3 Qd7 31. b4 Qb5 32. bxa5 Qf1 33. Qd2 Qb1 34. axb6 Qxb6 35. a4 Qa6 36. a5 Kf6 37. Kg2 Kg6 38. h4 h5 39. Qb4 Kf6 40. Qb6 Qd3 41. a6 Qd1 42. a7 Qc2 43. Qd8+ Kg6 44. a8Q Qe4+ 45. Kh2 f4 46. Qg8+ Kf6 47. Qad8+ Kf5 48. Qdg5# 1-0

[Event "GER-ch Net Amateur Gr-C Vor2"]
[Site "Playchess.com INT"]
[Date "2020.04.15"]
[Round "4"]
[White "Kullmann, Max"]
[Black "Heiligtag, Matthias"]
[Result "1-0"]
[WhiteElo "1566"]
[BlackElo "1645"]
[PlyCount "29"]
[EventDate "2020.04.15"]
[EventType "swiss (blitz)"]
[EventRounds "9"]
[EventCountry "GER"]
[SourceTitle "CBM 196 Extra"]
[Source "ChessBase"]
[SourceDate "2020.07.31"]
[SourceVersion "1"]
[SourceVersionDate "2020.07.31"]
[SourceQuality "1"]

1. d4 Nf6 2. c4 e6 3. Bf4 Bb4+ 4. Bd2 Bxd2+ 5. Nxd2 d5 6. e3 b6 7. Ngf3 Bb7 8. cxd5 exd5 9. Bd3 0-0 10. 0-0 Re8 11. Rc1 Nbd7 12. Qc2 Rc8 13. Ng5 h6 14. Bh7+ Kh8 15. Nxf7# 1-0

[Event "GER-ch Net Amateur Gr-C Vor1"]
[Site "Playchess.com INT"]
[Date "2020.04.14"]
[Round "8"]
[White "Kullmann, Max"]
[Black "Heutling, Thomas"]
[Result "1/2-1/2"]
[WhiteElo "1511"]
[BlackElo "1629"]
[PlyCount "93"]
[EventDate "2020.04.14"]
[EventType "swiss (blitz)"]
[EventRounds "9"]
[EventCountry "GER"]
[SourceTitle "CBM 196 Extra"]
[Source "ChessBase"]
[SourceDate "2020.07.31"]
[SourceVersion "1"]
[SourceVersionDate "2020.07.31"]
[SourceQuality "1"]

1. d4 d6 2. c4 Nf6 3. Bf4 Nbd7 4. e3 e5 5. dxe5 dxe5 6. Bg5 Be7 7. Nf3 h6 8. Bh4 g5 9. Bg3 Ne4 10. Bd3 Nxg3 11. hxg3 f6 12. Nc3 Nc5 13. Ke2 Nxd3 14. Qxd3 Qxd3+ 15. Kxd3 Bf5+ 16. Kd2 0-0-0+ 17. Ke2 Bd3+ 18. Ke1 Bxc4 19. Rd1 Bb4 20. a3 Bxc3+ 21. bxc3 Rxd1+ 22. Kxd1 Rd8+ 23. Kc1 b5 24. Rxh6 Rd3 25. Kb2 a5 26. Rxf6 Rd6 27. Rf8+ Kb7 28. Nxe5 Rd2+ 29. Kc1 Re2 30. Rf5 a4 31. Nxc4 bxc4 32. Rb5+ Kc6 33. Rb4 Kd5 34. Rb5+ Kc6 35. Rxg5 Rxf2 36. Rg6+ Kb7 37. Rg4 Rxg2 38. Rxc4 Rxg3 39. Rxa4 Rxe3 40. Kd2 Re6 41. Rb4+ Kc8 42. Kd3 Rd6+ 43. Kc4 Rc6+ 44. Kd5 Rd6+ 45. Kc4 Rc6+ 46. Kd4 Rd6+ 47. Kc4 1/2-1/2